Pachín Marín : (Registro nro. 20796)
[ vista simple ]
| 000 -CABECERA | |
|---|---|
| campo de control de longitud fija | 00884nam a2200241 a 4500 |
| 001 - NÚMERO DE CONTROL | |
| campo de control | 000021296 |
| 005 - FECHA Y HORA DE LA ÚLTIMA TRANSACCIÓN | |
| campo de control | 20200930011305.0 |
| 008 - DATOS DE LONGITUD FIJA--INFORMACIÓN GENERAL | |
| campo de control de longitud fija | 100903s1967 pr a r 000 s spa d |
| 040 ## - FUENTE DE LA CATALOGACIÓN | |
| Centro catalogador/agencia de origen | DO-SdBNP |
| Lengua de catalogación | spa |
| Centro/agencia transcriptor | BNPHU |
| 082 ## - NÚMERO DE LA CLASIFICACIÓN DECIMAL DEWEY | |
| Número de clasificación | PR861.44 |
| Número de documento/Ítem | F475p |
| 049 ## - FONDOS LOCALES (OCLC) | |
| Fondos de biblioteca | BNGR |
| 100 1# - ENTRADA PRINCIPAL--NOMBRE DE PERSONA | |
| Nombre de persona | Figueroa de Cifredo, Patria |
| 9 (RLIN) | 44504 |
| 245 10 - MENCIÓN DE TÍTULO | |
| Título | Pachín Marín : |
| Resto del título | héroe y poeta / |
| Mención de responsabilidad, etc. | Patria Figueroa de Cifredo; prólogo de Cesáreo Rosa-Nieves. |
| 260 ## - PUBLICACIÓN, DISTRIBUCIÓN, ETC. | |
| Lugar de publicación, distribución, etc. | San Juan, (Puerto Rico) : |
| Nombre del editor, distribuidor, etc. | Instituto de Cultura Puertorriqueña, |
| Fecha de publicación, distribución, etc. | 1967. |
| 300 ## - DESCRIPCIÓN FÍSICA | |
| Extensión | 210 p. ; |
| Dimensiones | 18 cm. |
| 490 1# - MENCIÓN DE SERIE | |
| Mención de serie | Biblioteca popular |
| 500 ## - NOTA GENERAL | |
| Nota general | Incluye referencias bibliográficas |
| 500 ## - NOTA GENERAL | |
| Nota general | Incluye citas al pie de páginas |
| 600 14 - PUNTO DE ACCESO ADICIONAL DE MATERIA--NOMBRE DE PERSONA | |
| Nombre de persona | MARÍN, PACHÍN, |
| Forma completa/desarrollada del nombre | MARÍN, FRANCISCO GONZALO |
| Subdivisión cronológica | 1863-1897 |
| 9 (RLIN) | 44505 |
| 650 #4 - PUNTO DE ACCESO ADICIONAL DE MATERIA--TÉRMINO DE MATERIA | |
| Término de materia o nombre geográfico como elemento de entrada | Poesía puertorriqueña |
| 9 (RLIN) | 1015 |
| 650 #4 - PUNTO DE ACCESO ADICIONAL DE MATERIA--TÉRMINO DE MATERIA | |
| Término de materia o nombre geográfico como elemento de entrada | Literatura puertorriqueña |
| 9 (RLIN) | 250 |
| 830 #0 - PUNTO DE ACCESO ADICIONAL DE SERIE-TÍTULO UNIFORME | |
| Título uniforme | Biblioteca popular |
| 9 (RLIN) | 5059 |
| Estado de retiro | Estado de pérdida | Restricciones de uso | No para préstamo | Código de colección | Localización permanente | Ubicación/localización actual | Ubicación en estantería | Fecha de adquisición | Número de inventario | Total de préstamos | Signatura topográfica completa | Código de barras | Fecha visto por última vez | Precio válido a partir de | Tipo de ítem Koha |
|---|---|---|---|---|---|---|---|---|---|---|---|---|---|---|---|
| Monografías: Libros y Folletos | General | General | En catalogación | 03.09.2010 | LF1 | PR861.44 F475p | 21296-10 | 25.06.2020 | 25.06.2020 | Préstamo en sala |
